[Event "Subotica-ch op"]
[Site "Subotica"]
[Date "2017.02.27"]
[Round "3"]
[White "Fatyol, Istvan"]
[Black "Klinec, Jozsef"]
[Result "1-0"]
[WhiteElo "1939"]
[BlackElo "1800"]
[PlyCount "39"]
[EventDate "2017.02.22"]
[EventType "swiss"]
[EventRounds "9"]
[EventCountry "SRB"]
[SourceTitle "CBM 177 Extra"]
[Source "ChessBase"]
[SourceDate "2017.04.27"]
[SourceVersion "1"]
[SourceVersionDate "2017.04.27"]
[SourceQuality "1"]

1. e4 e5 2. Nf3 Nc6 3. d4 exd4 4. Bc4 h6 5. Nxd4 Nxd4 6. Qxd4 b6 7. Qd5 Qe7 8. Qxa8 Kd8 9. Ba6 Qe8 10. Qxc8+ Ke7 11. Qxc7 Nf6 12. Nc3 g5 13. Be3 Bg7 14. 0-0-0 Kf8 15. f3 Kg8 16. h4 gxh4 17. Rxh4 Kh7 18. Bd3 Kg8 19. Rdh1 Qf8 20. Qg3 1-0